Best Selling Albums in the UK - Statistics

General Stats
  • This quiz has been taken 2,149 times
    1,893 since last reset
  • The average score is 6 of 10
Answer Stats
Sales figures Artist Album % Correct
4,400,000 Michael Jackson Thriller
89%
4,944,500 Adele 21
79%
4,300,000 Pink Floyd The Dark Side of the Moon
64%
4,000,000 Michael Jackson Bad
61%
6,120,000 Queen Greatest Hits
57%
4,700,000 Oasis (What's the Story) Morning Glory
56%
5,100,000 The Beatles Sgt Pepper's Lonely Hearts Club Band
46%
5,300,000 Abba Gold: Greatest Hits
41%
4,300,000 Dire Straits Brothers in Arms
37%
3,990,000 Queen Greatest Hits II
25%
No matching quizzes found
Score Distribution
Percent of People with Each Score
Percentile by Number Answered
Your Score History
You have not taken this quiz since the last reset